50 Male Pop Singers by Country - Statistics

General Stats
  • This quiz has been taken 36 times
  • The average score is 39 of 50
Answer Stats
Picture Hint Answer % Correct
Duncan Laurence The Netherlands
97%
Michael Jackson United States
97%
Justin Bieber Canada
94%
George Michael United Kingdom
94%
Serge Gainsbourg France
91%
Andrzej Piaseczny Poland
91%
Jungkook South Korea
91%
Diego Torres Argentina
88%
Guy Sebastian Australia
88%
Falco Austria
88%
Stromae Belgium
88%
Sebastián Yatra Colombia
88%
Mark Forster Germany
88%
Jacky Cheung Hong Kong / China
88%
Armaan Malik India
88%
Niall Horan Ireland
88%
Eros Ramazzotti Italy
88%
Alejandro Sanz Spain
88%
Fujiii Kaze Japan
84%
Chris Holsten Norway
84%
Eric Saade Sweden
84%
Jay Chou Taiwan
84%
Sơn Tùng M-TP Vietnam
84%
Sákis Rouvás Greece
81%
Michael Wong Malaysia
81%
Luis Miguel Mexico
81%
Bird Thongchai Thailand
81%
Tarkan Turkey
81%
Christopher Denmark
78%
Amr Diab Egypt
78%
Robin Packalen Finland
78%
Afgan Indonesia
78%
Shamoon Ismail Pakistan
78%
Dima Bilán Russia
78%
Alex Anwandter Chile
75%
DJ BoBo Switzerland
75%
JJ Lin Singapore
69%
Kurt Darren South Africa
69%
Lasso Venezuela
69%
Mergui Israel
66%
Petar Grašo Croatia
63%
Mohammed Assaf (Partially recognised country) Palestine
63%
Ricardo Arjona Guatemala
59%
Dimash Kazakhstan
59%
Ricky Martin (Unincorporated Territory of the U.S.) Puerto Rico
59%
Zack Tabudlo The Philippines
59%
Wellboy Ukraine
59%
Flori Mumajesi Albania
56%
Theo Evan Cyprus
50%
Ragheb Alama Morocco
47%
No matching quizzes found
Score Distribution
Percent of People with Each Score
Percentile by Number Answered
Your Score History
You have not taken this quiz